000 00666nam a2200241Ia 4500
003 OSt
005 20220923220947.0
006 a|||||r|||| 00| 0
007 ta
008 220922b |||||||| |||| 00| 0 hin d
024 _a192,820
037 _cTextual
040 _aARTS
_cARTS
_bhin
041 _2hin
_ahin
082 _aV2:1:C, 152J3;K11
100 _aपांथरी, भगवतीप्रसाद
245 0 _aअशोक
246 _aAshoka
250 _aसंस्क0 3
260 _c1953
942 _hV2:1:C, 152J3;K11
_cTEXL
_2CC
999 _c345355
_d345355